Statistics for Multi-Word US States and Territories

Click here to take the quiz!

General Stats

  • This quiz has been taken 50 times
  • The average score is 12 of 15

Answer Stats

State% Correct
North Carolina
100%
North Dakota
100%
South Carolina
100%
South Dakota
100%
Puerto Rico
96%
New York
93%
New Jersey
91%
New Hampshire
89%
New Mexico
89%
West Virginia
82%
Rhode Island
73%
American Samoa
67%
US Virgin Islands
64%
Northern Mariana Islands
36%
District of Columbia
22%

Score Distribution

Percentile by Number Answered

Percent of People with Each Score

Your Score History

You have not taken this quiz